| 000 | 00680nam a22002292a 4500 | ||
|---|---|---|---|
| 001 | 16382 | ||
| 003 | BD-RjUL | ||
| 005 | 20211209000013.0 | ||
| 008 | 140213t1956 enk 001 0 eng d | ||
| 035 | _a(BD-RjUL)16437 | ||
| 040 |
_aAPL _cAPL _dUKM _dEQO _dBD-RjUL _beng |
||
| 041 | _aeng | ||
| 082 | 0 | 4 |
_a796.52 _bBUN 1956 |
| 100 | 1 |
_aBuhl, Hermann, _d1924-1957. _950644 |
|
| 245 | 1 | 0 |
_aNanga Parbat pilgrimage / _cTrans. By Hugh Merrick |
| 260 |
_aLondon : _bHodder and Stoughton, _c1956. |
||
| 300 |
_a360 p. : _billus., ports., maps ; _c23 cm. |
||
| 504 | _aincludes index. | ||
| 650 |
_a Buhl, Hermann, -- 1924-1957. _950645 |
||
| 942 |
_2ddc _cBK |
||
| 999 |
_c16382 _d16382 |
||